| 000 | 00807nam a22002417a 4500 | ||
|---|---|---|---|
| 003 | OSt | ||
| 005 | 20230706110703.0 | ||
| 008 | 170318s2016 gt||||| |||| 00| 0 spa d | ||
| 040 | _cLado V | ||
| 082 | 0 | 4 |
_a700 _bF481b |
| 100 |
_9871 _aFilho, Antonio Gaspar _edirector |
||
| 245 |
_aBien'Art/ _bRevista de arte e cultura do país/ |
||
| 260 |
_aBrasil _c2005 _bRIPASA |
||
| 300 |
_a66p. _c23x31cm |
||
| 490 | _v2005 | ||
| 650 |
_2Tesauro de Arte & Arquitectura _aARTE |
||
| 650 |
_2Tesauro de Arte & Arquitectura _aARQUITECTURA |
||
| 650 |
_2Tesauro de Arte & Arquitectura _aCINE |
||
| 650 |
_2Tesauro de Arte & Arquitectura _aDISEÑO |
||
| 650 |
_2Tesauro de Arte & Arquitectura _aFOTOGRAFIA _9702 |
||
| 700 | 1 |
_aSvankmajer. _eilustrador. _95749 |
|
| 942 |
_2ddc _c1 _h700 _iF481b _n0 |
||
| 999 |
_c3989 _d3989 |
||